| 000 | 00785nam a2200229 i 4500 | ||
|---|---|---|---|
| 001 | 34512 | ||
| 003 | ES-MaACL | ||
| 005 | 20250723061828.0 | ||
| 007 | t| | ||
| 008 | 030207s1965 sp ||||1| spa d | ||
| 100 | 1 |
_aBonfante, Pietro. _930148 |
|
| 245 | 1 | 0 |
_aInstituciones de Derecho Romano / _cpor Pietro Bonfante ; traducción de la octava edición italiana por Luis Bacci y Andrés Larrosa ; revisada por Fernando Campuzano Horma. |
| 250 | _a[3ª ed.]. | ||
| 260 |
_aMadrid : _bReus, _c1965. |
||
| 300 |
_aX, 711 p. ; _c23 cm. |
||
| 650 | 0 | 7 |
_aDerecho romano _2embne _911764 |
| 700 | 1 |
_aBacci, Luis. _924448 |
|
| 700 | 1 |
_aLarrosa, Andrés. _970362 |
|
| 700 | 0 |
_aCampuzano y Horma, Fernando. _934352 |
|
| 852 |
_aES-MaACL _jE-680 _bR.56545 |
||
| 999 |
_c34512 _d34512 |
||